<?xml version="1.0" encoding="UTF-8"?>
<record
    xmlns:xsi="http://www.w3.org/2001/XMLSchema-instance"
    xsi:schemaLocation="http://www.loc.gov/MARC21/slim http://www.loc.gov/standards/marcxml/schema/MARC21slim.xsd"
    xmlns="http://www.loc.gov/MARC21/slim">

  <leader>00967nam a2200301 a 4500</leader>
  <controlfield tag="005">20200104041504.0</controlfield>
  <controlfield tag="008">160213t1993    ck D   gr|||| 00| 0 spa d</controlfield>
  <datafield tag="040" ind1=" " ind2=" ">
    <subfield code="a">CO-BoIAVH </subfield>
    <subfield code="c">CO-BoIAVH </subfield>
  </datafield>
  <datafield tag="041" ind1=" " ind2=" ">
    <subfield code="a">spa</subfield>
  </datafield>
  <datafield tag="090" ind1=" " ind2=" ">
    <subfield code="a">RE</subfield>
    <subfield code="b">00060</subfield>
  </datafield>
  <datafield tag="100" ind1="1" ind2=" ">
    <subfield code="a">Duivenvoorden, Joost Franciscus</subfield>
  </datafield>
  <datafield tag="245" ind1="1" ind2=" ">
    <subfield code="a">Ecolog&#xED;a del paisaje del medio Caquet&#xE1;</subfield>
    <subfield code="b">memoria explicativa de los mapas</subfield>
  </datafield>
  <datafield tag="246" ind1=" " ind2=" ">
    <subfield code="a">Landscape ecology of the middle Caqueta basin</subfield>
    <subfield code="b">explanatory notes to the maps</subfield>
  </datafield>
  <datafield tag="260" ind1=" " ind2=" ">
    <subfield code="a">Bogot&#xE1;</subfield>
    <subfield code="b">Tropenbos Colombia</subfield>
    <subfield code="c">1993</subfield>
  </datafield>
  <datafield tag="300" ind1=" " ind2=" ">
    <subfield code="a">300 paginas.</subfield>
    <subfield code="b">Graficos</subfield>
    <subfield code="c">23 x17 cm,</subfield>
  </datafield>
  <datafield tag="650" ind1=" " ind2="4">
    <subfield code="a">Ecolog&#xED;a del paisaje</subfield>
  </datafield>
  <datafield tag="650" ind1=" " ind2="4">
    <subfield code="a">Suelos</subfield>
  </datafield>
  <datafield tag="650" ind1=" " ind2="4">
    <subfield code="a">Ecolog&#xED;a vegetal</subfield>
  </datafield>
  <datafield tag="650" ind1=" " ind2="4">
    <subfield code="a">Geomorfolog&#xED;a</subfield>
  </datafield>
  <datafield tag="650" ind1=" " ind2="4">
    <subfield code="a">Agua</subfield>
  </datafield>
  <datafield tag="650" ind1=" " ind2="4">
    <subfield code="a">Vegetaci&#xF3;n</subfield>
  </datafield>
  <datafield tag="650" ind1=" " ind2=" ">
    <subfield code="a">Clima</subfield>
  </datafield>
  <datafield tag="650" ind1=" " ind2="4">
    <subfield code="a">Geolog&#xED;a</subfield>
  </datafield>
  <datafield tag="650" ind1=" " ind2="4">
    <subfield code="a">Hidrolog&#xED;a</subfield>
  </datafield>
  <datafield tag="662" ind1=" " ind2=" ">
    <subfield code="a">Colombia</subfield>
    <subfield code="b">Caquet&#xE1;</subfield>
  </datafield>
  <datafield tag="700" ind1="1" ind2=" ">
    <subfield code="a">Lips, Johanna Mar&#xED;a</subfield>
  </datafield>
  <datafield tag="942" ind1=" " ind2=" ">
    <subfield code="c">LIBRO</subfield>
    <subfield code="2">z</subfield>
  </datafield>
  <datafield tag="999" ind1=" " ind2=" ">
    <subfield code="c">24</subfield>
    <subfield code="d">24</subfield>
  </datafield>
  <datafield tag="952" ind1=" " ind2=" ">
    <subfield code="0">0</subfield>
    <subfield code="1">0</subfield>
    <subfield code="2">z</subfield>
    <subfield code="4">0</subfield>
    <subfield code="7">0</subfield>
    <subfield code="8">GENERAL</subfield>
    <subfield code="I">INV2017</subfield>
    <subfield code="a">Bogota</subfield>
    <subfield code="b">Bogota</subfield>
    <subfield code="d">1997-12-15</subfield>
    <subfield code="e">Instituto</subfield>
    <subfield code="g">39000.00</subfield>
    <subfield code="l">1</subfield>
    <subfield code="m">2</subfield>
    <subfield code="o">RE-00060</subfield>
    <subfield code="p">000007</subfield>
    <subfield code="r">2022-12-20 00:00:00</subfield>
    <subfield code="s">2020-04-17</subfield>
    <subfield code="t">T-3A Ej.1</subfield>
    <subfield code="w">2012-12-04</subfield>
    <subfield code="x">Donaci&#xF3;n</subfield>
    <subfield code="y">LIBRO</subfield>
  </datafield>
  <datafield tag="952" ind1=" " ind2=" ">
    <subfield code="0">0</subfield>
    <subfield code="1">0</subfield>
    <subfield code="2">ddc</subfield>
    <subfield code="4">0</subfield>
    <subfield code="7">0</subfield>
    <subfield code="8">GENERAL</subfield>
    <subfield code="I">INV2017</subfield>
    <subfield code="a">Villa</subfield>
    <subfield code="b">Villa</subfield>
    <subfield code="d">1997-12-15</subfield>
    <subfield code="l">0</subfield>
    <subfield code="o">LB-00003</subfield>
    <subfield code="p">000014</subfield>
    <subfield code="r">2012-12-04 00:00:00</subfield>
    <subfield code="t">Anexo Ej.1</subfield>
    <subfield code="w">2012-12-04</subfield>
    <subfield code="x">Donaci&#xF3;n</subfield>
    <subfield code="y">Mapa</subfield>
    <subfield code="z">Mapa de la ecolog&#xED;a del paisaje del medio Caqueta: Araracuara-Mari&#xF1;ame</subfield>
  </datafield>
  <datafield tag="952" ind1=" " ind2=" ">
    <subfield code="0">0</subfield>
    <subfield code="1">0</subfield>
    <subfield code="2">ddc</subfield>
    <subfield code="4">0</subfield>
    <subfield code="7">0</subfield>
    <subfield code="8">GENERAL</subfield>
    <subfield code="I">INV2017</subfield>
    <subfield code="a">Villa</subfield>
    <subfield code="b">Villa</subfield>
    <subfield code="d">1997-12-15</subfield>
    <subfield code="l">0</subfield>
    <subfield code="o">LB-00003</subfield>
    <subfield code="p">000015</subfield>
    <subfield code="r">2012-12-04 00:00:00</subfield>
    <subfield code="t">Anexo Ej.1</subfield>
    <subfield code="w">2012-12-04</subfield>
    <subfield code="x">Donaci&#xF3;n</subfield>
    <subfield code="y">Mapa</subfield>
    <subfield code="z">Mapa de la ecolog&#xED;a del paisaje del medio Caqueta: Cahuinar&#xED;</subfield>
  </datafield>
  <datafield tag="952" ind1=" " ind2=" ">
    <subfield code="0">0</subfield>
    <subfield code="1">0</subfield>
    <subfield code="2">ddc</subfield>
    <subfield code="4">0</subfield>
    <subfield code="7">0</subfield>
    <subfield code="8">GENERAL</subfield>
    <subfield code="I">INV2017</subfield>
    <subfield code="a">Villa</subfield>
    <subfield code="b">Villa</subfield>
    <subfield code="d">1997-12-15</subfield>
    <subfield code="l">0</subfield>
    <subfield code="o">LB-00003</subfield>
    <subfield code="p">000016</subfield>
    <subfield code="r">2012-12-04 00:00:00</subfield>
    <subfield code="t">Anexo Ej.1</subfield>
    <subfield code="w">2012-12-04</subfield>
    <subfield code="x">Donaci&#xF3;n</subfield>
    <subfield code="y">Mapa</subfield>
    <subfield code="z">Mapa de la ecolog&#xED;a del paisaje del medio Caqueta: Sta. Isabel</subfield>
  </datafield>
  <datafield tag="952" ind1=" " ind2=" ">
    <subfield code="0">0</subfield>
    <subfield code="1">0</subfield>
    <subfield code="2">ddc</subfield>
    <subfield code="4">0</subfield>
    <subfield code="7">0</subfield>
    <subfield code="8">GENERAL</subfield>
    <subfield code="I">INV2017</subfield>
    <subfield code="a">Villa</subfield>
    <subfield code="b">Villa</subfield>
    <subfield code="d">1997-12-15</subfield>
    <subfield code="l">0</subfield>
    <subfield code="o">LB-00003</subfield>
    <subfield code="p">000017</subfield>
    <subfield code="r">2012-12-04 00:00:00</subfield>
    <subfield code="t">Anexo Ej.1</subfield>
    <subfield code="w">2012-12-04</subfield>
    <subfield code="x">Donaci&#xF3;n</subfield>
    <subfield code="y">Mapa</subfield>
    <subfield code="z">Mapa del uso de la tierra del medio Caqueta: Sta. Isabel-Solarte</subfield>
  </datafield>
  <datafield tag="952" ind1=" " ind2=" ">
    <subfield code="0">0</subfield>
    <subfield code="1">0</subfield>
    <subfield code="2">ddc</subfield>
    <subfield code="4">0</subfield>
    <subfield code="7">0</subfield>
    <subfield code="8">GENERAL</subfield>
    <subfield code="I">INV2017</subfield>
    <subfield code="a">Villa</subfield>
    <subfield code="b">Villa</subfield>
    <subfield code="d">1997-12-15</subfield>
    <subfield code="l">0</subfield>
    <subfield code="o">LB-00003</subfield>
    <subfield code="p">000018</subfield>
    <subfield code="r">2012-12-04 00:00:00</subfield>
    <subfield code="t">Anexo Ej.1</subfield>
    <subfield code="w">2012-12-04</subfield>
    <subfield code="x">Donaci&#xF3;n</subfield>
    <subfield code="y">Mapa</subfield>
    <subfield code="z">Mapa del uso de la tierra del medio Caqueta: Sardina</subfield>
  </datafield>
  <datafield tag="952" ind1=" " ind2=" ">
    <subfield code="0">0</subfield>
    <subfield code="1">0</subfield>
    <subfield code="2">ddc</subfield>
    <subfield code="4">0</subfield>
    <subfield code="7">0</subfield>
    <subfield code="8">GENERAL</subfield>
    <subfield code="I">INV2017</subfield>
    <subfield code="a">Villa</subfield>
    <subfield code="b">Villa</subfield>
    <subfield code="d">1997-12-15</subfield>
    <subfield code="l">0</subfield>
    <subfield code="o">LB-00003</subfield>
    <subfield code="p">000019</subfield>
    <subfield code="r">2012-12-04 00:00:00</subfield>
    <subfield code="t">Anexo Ej.1</subfield>
    <subfield code="w">2012-12-04</subfield>
    <subfield code="x">Donaci&#xF3;n</subfield>
    <subfield code="y">Mapa</subfield>
    <subfield code="z">Mapa del uso de la tierra del medio Caqueta: Palmas-Mira&#xF1;as</subfield>
  </datafield>
  <datafield tag="952" ind1=" " ind2=" ">
    <subfield code="0">0</subfield>
    <subfield code="1">0</subfield>
    <subfield code="2">ddc</subfield>
    <subfield code="4">0</subfield>
    <subfield code="7">0</subfield>
    <subfield code="8">GENERAL</subfield>
    <subfield code="I">INV2017</subfield>
    <subfield code="a">Villa</subfield>
    <subfield code="b">Villa</subfield>
    <subfield code="d">1997-12-15</subfield>
    <subfield code="l">0</subfield>
    <subfield code="o">LB-00003</subfield>
    <subfield code="p">000020</subfield>
    <subfield code="r">2012-12-04 00:00:00</subfield>
    <subfield code="t">Anexo Ej.1</subfield>
    <subfield code="w">2012-12-04</subfield>
    <subfield code="x">Donaci&#xF3;n</subfield>
    <subfield code="y">Mapa</subfield>
    <subfield code="z">Mapa del uso de la tierra del medio Caqueta: Mirit&#xED;</subfield>
  </datafield>
  <datafield tag="952" ind1=" " ind2=" ">
    <subfield code="0">0</subfield>
    <subfield code="1">0</subfield>
    <subfield code="2">ddc</subfield>
    <subfield code="4">0</subfield>
    <subfield code="7">0</subfield>
    <subfield code="8">GENERAL</subfield>
    <subfield code="I">INV2017</subfield>
    <subfield code="a">Villa</subfield>
    <subfield code="b">Villa</subfield>
    <subfield code="d">1997-12-15</subfield>
    <subfield code="l">0</subfield>
    <subfield code="o">LB-00003</subfield>
    <subfield code="p">000021</subfield>
    <subfield code="r">2012-12-04 00:00:00</subfield>
    <subfield code="t">Anexo Ej.1</subfield>
    <subfield code="w">2012-12-04</subfield>
    <subfield code="x">Donaci&#xF3;n</subfield>
    <subfield code="y">Mapa</subfield>
    <subfield code="z">Mapa del uso de la tierra del medio Caqueta: Villazul-Pe&#xF1;a Roja</subfield>
  </datafield>
  <datafield tag="952" ind1=" " ind2=" ">
    <subfield code="0">0</subfield>
    <subfield code="1">0</subfield>
    <subfield code="2">ddc</subfield>
    <subfield code="4">0</subfield>
    <subfield code="7">0</subfield>
    <subfield code="8">GENERAL</subfield>
    <subfield code="I">INV2017</subfield>
    <subfield code="a">Villa</subfield>
    <subfield code="b">Villa</subfield>
    <subfield code="d">1997-12-15</subfield>
    <subfield code="l">0</subfield>
    <subfield code="o">LB-00003</subfield>
    <subfield code="p">000022</subfield>
    <subfield code="r">2012-12-04 00:00:00</subfield>
    <subfield code="t">Anexo Ej.1</subfield>
    <subfield code="w">2012-12-04</subfield>
    <subfield code="x">Donaci&#xF3;n</subfield>
    <subfield code="y">Mapa</subfield>
    <subfield code="z">Mapa del uso de la tierra del medio Caqueta: Aduche</subfield>
  </datafield>
  <datafield tag="952" ind1=" " ind2=" ">
    <subfield code="0">0</subfield>
    <subfield code="1">0</subfield>
    <subfield code="2">ddc</subfield>
    <subfield code="4">0</subfield>
    <subfield code="7">0</subfield>
    <subfield code="8">GENERAL</subfield>
    <subfield code="I">INV2017</subfield>
    <subfield code="a">Villa</subfield>
    <subfield code="b">Villa</subfield>
    <subfield code="d">1997-12-15</subfield>
    <subfield code="l">0</subfield>
    <subfield code="o">LB-00003</subfield>
    <subfield code="p">000023</subfield>
    <subfield code="r">2012-12-04 00:00:00</subfield>
    <subfield code="t">Anexo Ej.1</subfield>
    <subfield code="w">2012-12-04</subfield>
    <subfield code="x">Donaci&#xF3;n</subfield>
    <subfield code="y">Mapa</subfield>
    <subfield code="z">Mapa del uso de la tierra del medio Caqueta: Monochoa-Araracuara</subfield>
  </datafield>
  <datafield tag="952" ind1=" " ind2=" ">
    <subfield code="0">0</subfield>
    <subfield code="1">0</subfield>
    <subfield code="2">z</subfield>
    <subfield code="4">0</subfield>
    <subfield code="7">0</subfield>
    <subfield code="8">GENERAL</subfield>
    <subfield code="I">INV2017</subfield>
    <subfield code="a">Venado</subfield>
    <subfield code="b">Venado</subfield>
    <subfield code="d">1997-12-15</subfield>
    <subfield code="e">Instituto</subfield>
    <subfield code="g">39000.00</subfield>
    <subfield code="l">0</subfield>
    <subfield code="o">RE-00060</subfield>
    <subfield code="p">004742</subfield>
    <subfield code="r">2012-12-04 00:00:00</subfield>
    <subfield code="t">T-3A Ej.2</subfield>
    <subfield code="w">2012-12-04</subfield>
    <subfield code="x">Donaci&#xF3;n</subfield>
    <subfield code="y">LIBRO</subfield>
  </datafield>
  <datafield tag="952" ind1=" " ind2=" ">
    <subfield code="0">0</subfield>
    <subfield code="1">0</subfield>
    <subfield code="2">ddc</subfield>
    <subfield code="4">0</subfield>
    <subfield code="7">0</subfield>
    <subfield code="8">GENERAL</subfield>
    <subfield code="I">INV2017</subfield>
    <subfield code="a">Venado</subfield>
    <subfield code="b">Venado</subfield>
    <subfield code="d">1997-12-15</subfield>
    <subfield code="l">0</subfield>
    <subfield code="o">LB-00003</subfield>
    <subfield code="p">004743</subfield>
    <subfield code="r">2012-12-04 00:00:00</subfield>
    <subfield code="t">Anexo Ej. 2</subfield>
    <subfield code="w">2012-12-04</subfield>
    <subfield code="x">Donaci&#xF3;n</subfield>
    <subfield code="y">Mapa</subfield>
    <subfield code="z">Mapa de la ecolog&#xED;a del paisaje del medio Caqueta: Araracuara-Mari&#xF1;ame</subfield>
  </datafield>
  <datafield tag="952" ind1=" " ind2=" ">
    <subfield code="0">0</subfield>
    <subfield code="1">0</subfield>
    <subfield code="2">ddc</subfield>
    <subfield code="4">0</subfield>
    <subfield code="7">0</subfield>
    <subfield code="8">GENERAL</subfield>
    <subfield code="I">INV2017</subfield>
    <subfield code="a">Venado</subfield>
    <subfield code="b">Venado</subfield>
    <subfield code="d">1997-12-15</subfield>
    <subfield code="l">0</subfield>
    <subfield code="o">LB-00003</subfield>
    <subfield code="p">004744</subfield>
    <subfield code="r">2012-12-04 00:00:00</subfield>
    <subfield code="t">Anexo Ej. 2</subfield>
    <subfield code="w">2012-12-04</subfield>
    <subfield code="x">Donaci&#xF3;n</subfield>
    <subfield code="y">Mapa</subfield>
    <subfield code="z">Mapa de la ecolog&#xED;a del paisaje del medio Caqueta: Cahuinar&#xED;</subfield>
  </datafield>
  <datafield tag="952" ind1=" " ind2=" ">
    <subfield code="0">0</subfield>
    <subfield code="1">0</subfield>
    <subfield code="2">ddc</subfield>
    <subfield code="4">0</subfield>
    <subfield code="7">0</subfield>
    <subfield code="8">GENERAL</subfield>
    <subfield code="I">INV2017</subfield>
    <subfield code="a">Venado</subfield>
    <subfield code="b">Venado</subfield>
    <subfield code="d">1997-12-15</subfield>
    <subfield code="l">0</subfield>
    <subfield code="o">LB-00003</subfield>
    <subfield code="p">004745</subfield>
    <subfield code="r">2012-12-04 00:00:00</subfield>
    <subfield code="t">Anexo Ej. 2</subfield>
    <subfield code="w">2012-12-04</subfield>
    <subfield code="x">Donaci&#xF3;n</subfield>
    <subfield code="y">Mapa</subfield>
    <subfield code="z">Mapa de la ecolog&#xED;a del paisaje del medio Caqueta: Sta. Isabel</subfield>
  </datafield>
  <datafield tag="952" ind1=" " ind2=" ">
    <subfield code="0">0</subfield>
    <subfield code="1">0</subfield>
    <subfield code="2">ddc</subfield>
    <subfield code="4">0</subfield>
    <subfield code="7">0</subfield>
    <subfield code="8">GENERAL</subfield>
    <subfield code="I">INV2017</subfield>
    <subfield code="a">Venado</subfield>
    <subfield code="b">Venado</subfield>
    <subfield code="d">1997-12-15</subfield>
    <subfield code="l">0</subfield>
    <subfield code="o">LB-00003</subfield>
    <subfield code="p">004746</subfield>
    <subfield code="r">2012-12-04 00:00:00</subfield>
    <subfield code="t">Anexo Ej. 2</subfield>
    <subfield code="w">2012-12-04</subfield>
    <subfield code="x">Donaci&#xF3;n</subfield>
    <subfield code="y">Mapa</subfield>
    <subfield code="z">Mapa del uso de la tierra del medio Caqueta: Sta. Isabel-Solarte</subfield>
  </datafield>
  <datafield tag="952" ind1=" " ind2=" ">
    <subfield code="0">0</subfield>
    <subfield code="1">0</subfield>
    <subfield code="2">ddc</subfield>
    <subfield code="4">0</subfield>
    <subfield code="7">0</subfield>
    <subfield code="8">GENERAL</subfield>
    <subfield code="I">INV2017</subfield>
    <subfield code="a">Venado</subfield>
    <subfield code="b">Venado</subfield>
    <subfield code="d">1997-12-15</subfield>
    <subfield code="l">0</subfield>
    <subfield code="o">LB-00003</subfield>
    <subfield code="p">004747</subfield>
    <subfield code="r">2012-12-04 00:00:00</subfield>
    <subfield code="t">Anexo Ej. 2</subfield>
    <subfield code="w">2012-12-04</subfield>
    <subfield code="x">Donaci&#xF3;n</subfield>
    <subfield code="y">Mapa</subfield>
    <subfield code="z">Mapa del uso de la tierra del medio Caqueta: Sardina</subfield>
  </datafield>
  <datafield tag="952" ind1=" " ind2=" ">
    <subfield code="0">0</subfield>
    <subfield code="1">0</subfield>
    <subfield code="2">ddc</subfield>
    <subfield code="4">0</subfield>
    <subfield code="7">0</subfield>
    <subfield code="8">GENERAL</subfield>
    <subfield code="I">INV2017</subfield>
    <subfield code="a">Venado</subfield>
    <subfield code="b">Venado</subfield>
    <subfield code="d">1997-12-15</subfield>
    <subfield code="l">0</subfield>
    <subfield code="o">LB-00003</subfield>
    <subfield code="p">004748</subfield>
    <subfield code="r">2012-12-04 00:00:00</subfield>
    <subfield code="t">Anexo Ej. 2</subfield>
    <subfield code="w">2012-12-04</subfield>
    <subfield code="x">Donaci&#xF3;n</subfield>
    <subfield code="y">Mapa</subfield>
    <subfield code="z">Mapa del uso de la tierra del medio Caqueta: Palmas-Mira&#xF1;as</subfield>
  </datafield>
  <datafield tag="952" ind1=" " ind2=" ">
    <subfield code="0">0</subfield>
    <subfield code="1">0</subfield>
    <subfield code="2">ddc</subfield>
    <subfield code="4">0</subfield>
    <subfield code="7">0</subfield>
    <subfield code="8">GENERAL</subfield>
    <subfield code="I">INV2017</subfield>
    <subfield code="a">Venado</subfield>
    <subfield code="b">Venado</subfield>
    <subfield code="d">1997-12-15</subfield>
    <subfield code="l">0</subfield>
    <subfield code="o">LB-00003</subfield>
    <subfield code="p">004749</subfield>
    <subfield code="r">2012-12-04 00:00:00</subfield>
    <subfield code="t">Anexo Ej. 2</subfield>
    <subfield code="w">2012-12-04</subfield>
    <subfield code="x">Donaci&#xF3;n</subfield>
    <subfield code="y">Mapa</subfield>
    <subfield code="z">Mapa del uso de la tierra del medio Caqueta: Mirit&#xED;</subfield>
  </datafield>
  <datafield tag="952" ind1=" " ind2=" ">
    <subfield code="0">0</subfield>
    <subfield code="1">0</subfield>
    <subfield code="2">ddc</subfield>
    <subfield code="4">0</subfield>
    <subfield code="7">0</subfield>
    <subfield code="8">GENERAL</subfield>
    <subfield code="I">INV2017</subfield>
    <subfield code="a">Venado</subfield>
    <subfield code="b">Venado</subfield>
    <subfield code="d">1997-12-15</subfield>
    <subfield code="l">0</subfield>
    <subfield code="o">LB-00003</subfield>
    <subfield code="p">004750</subfield>
    <subfield code="r">2012-12-04 00:00:00</subfield>
    <subfield code="t">Anexo Ej. 2</subfield>
    <subfield code="w">2012-12-04</subfield>
    <subfield code="x">Donaci&#xF3;n</subfield>
    <subfield code="y">Mapa</subfield>
    <subfield code="z">Mapa del uso de la tierra del medio Caqueta: Villazul-Pe&#xF1;a Roja</subfield>
  </datafield>
  <datafield tag="952" ind1=" " ind2=" ">
    <subfield code="0">0</subfield>
    <subfield code="1">0</subfield>
    <subfield code="2">ddc</subfield>
    <subfield code="4">0</subfield>
    <subfield code="7">0</subfield>
    <subfield code="8">GENERAL</subfield>
    <subfield code="I">INV2017</subfield>
    <subfield code="a">Venado</subfield>
    <subfield code="b">Venado</subfield>
    <subfield code="d">1997-12-15</subfield>
    <subfield code="l">0</subfield>
    <subfield code="o">LB-00003</subfield>
    <subfield code="p">004751</subfield>
    <subfield code="r">2012-12-04 00:00:00</subfield>
    <subfield code="t">Anexo Ej. 2</subfield>
    <subfield code="w">2012-12-04</subfield>
    <subfield code="x">Donaci&#xF3;n</subfield>
    <subfield code="y">Mapa</subfield>
    <subfield code="z">Mapa del uso de la tierra del medio Caqueta: Aduche</subfield>
  </datafield>
  <datafield tag="952" ind1=" " ind2=" ">
    <subfield code="0">0</subfield>
    <subfield code="1">0</subfield>
    <subfield code="2">ddc</subfield>
    <subfield code="4">0</subfield>
    <subfield code="7">0</subfield>
    <subfield code="8">GENERAL</subfield>
    <subfield code="I">INV2017</subfield>
    <subfield code="a">Venado</subfield>
    <subfield code="b">Venado</subfield>
    <subfield code="d">1997-12-15</subfield>
    <subfield code="l">0</subfield>
    <subfield code="o">LB-00003</subfield>
    <subfield code="p">004752</subfield>
    <subfield code="r">2012-12-04 00:00:00</subfield>
    <subfield code="t">Anexo Ej. 2</subfield>
    <subfield code="w">2012-12-04</subfield>
    <subfield code="x">Donaci&#xF3;n</subfield>
    <subfield code="y">Mapa</subfield>
    <subfield code="z">Mapa del uso de la tierra del medio Caqueta: Monochoa-Araracuara</subfield>
  </datafield>
  <datafield tag="952" ind1=" " ind2=" ">
    <subfield code="0">0</subfield>
    <subfield code="1">0</subfield>
    <subfield code="2">z</subfield>
    <subfield code="4">0</subfield>
    <subfield code="7">0</subfield>
    <subfield code="8">GENERAL</subfield>
    <subfield code="I">INV2017</subfield>
    <subfield code="a">Bogota</subfield>
    <subfield code="b">Bogota</subfield>
    <subfield code="d">2016-02-13</subfield>
    <subfield code="e">Instituto</subfield>
    <subfield code="g">39000.00</subfield>
    <subfield code="l">0</subfield>
    <subfield code="o">RE-00060</subfield>
    <subfield code="p">042233</subfield>
    <subfield code="r">2016-02-13 00:00:00</subfield>
    <subfield code="t">T-3B Ej.1</subfield>
    <subfield code="w">2016-02-13</subfield>
    <subfield code="y">LIBRO</subfield>
    <subfield code="z">10 MAPAS</subfield>
  </datafield>
  <datafield tag="952" ind1=" " ind2=" ">
    <subfield code="0">0</subfield>
    <subfield code="1">0</subfield>
    <subfield code="2">z</subfield>
    <subfield code="4">0</subfield>
    <subfield code="7">0</subfield>
    <subfield code="a">Venado</subfield>
    <subfield code="b">Venado</subfield>
    <subfield code="d">2016-02-13</subfield>
    <subfield code="l">0</subfield>
    <subfield code="o">RE-00060</subfield>
    <subfield code="p">042234</subfield>
    <subfield code="r">2016-02-13 00:00:00</subfield>
    <subfield code="t">T-3B Ej.2</subfield>
    <subfield code="w">2016-02-13</subfield>
    <subfield code="y">LIBRO</subfield>
    <subfield code="z">10 MAPAS</subfield>
  </datafield>
</record>
